000 01011nam a22002057a 4500
003 OSt
005 20190625094848.0
008 180313b xxu||||| |||| 00| 0 spa d
020 _a9502000897
040 _cPJ
100 _9249
_aHart, Herbert Lionel Adolphus
245 1 3 _aEl concepto de derecho /
_cH.L.A. Hart ; traducción de Genaro R. Carrió.
250 _a2a. ed.
260 _aBuenos Aires :
_bAbeledo Perrot,
_c1977.
300 _a332 p.
_c23 cm.
505 _aI. Preguntas persistentes -- II. Normas jurídicas, mandatos y ordenes -- III. La diversidad de normas jurídicas -- IV. Soberano y sustituto -- V. El derecho como unión de reglas primarias y segundarías -- VI.Los fundamentos de un sistema jurídico -- VII. Formalismo y escepticismo ante las reglas -- VIII. Justicia y moral -- IX. Las normas jurídicas y la moral -- X. Derecho internacional.
650 _aFILOSOFIA DEL DERECHO
_9177
700 _9131
_aCarrió, Genaro Rubén
_etraductor
942 _2udc
_cLIB
_h340.12
_iHAR
999 _c221
_d221